000 00619nam a2200229Ia 4500
003 OSt
005 20220918182045.0
006 a|||||r|||| 00| 0
007 ta
008 220917b |||||||| |||| 00| 0 eng d
024 _a30,292
037 _cTextual
040 _aARTS
_cARTS
_beng
041 _2eng
_aeng
082 _aO111,3M43x, L8.1-.2
100 _aJames Henry
_911257
245 0 _aTales of Henry James ed by Maqbool Aziz
260 _aOxford
_bOUP UK
_c1978
650 _aENGLISH LITERATURE
942 _hO111,3M43x, L8.1-.2
_cTEXL
_2CC
999 _c167709
_d167709